<?xml version="1.0" encoding="UTF-8"?>
<record
    xmlns:xsi="http://www.w3.org/2001/XMLSchema-instance"
    xsi:schemaLocation="http://www.loc.gov/MARC21/slim http://www.loc.gov/standards/marcxml/schema/MARC21slim.xsd"
    xmlns="http://www.loc.gov/MARC21/slim">

  <leader>01177nam a22002297a 4500</leader>
  <controlfield tag="001">BRCA_9289</controlfield>
  <controlfield tag="003">FranzMayer</controlfield>
  <controlfield tag="005">20230724114939.0</controlfield>
  <controlfield tag="008">230724b        |||||||| |||| 00| 0 eng d</controlfield>
  <datafield tag="040" ind1=" " ind2=" ">
    <subfield code="a">MFM</subfield>
    <subfield code="b">esp</subfield>
    <subfield code="c">MFM</subfield>
  </datafield>
  <datafield tag="050" ind1=" " ind2="4">
    <subfield code="a">LE43</subfield>
    <subfield code="b">E83 1748</subfield>
  </datafield>
  <datafield tag="082" ind1=" " ind2=" ">
    <subfield code="2">BX1895.C6</subfield>
  </datafield>
  <datafield tag="100" ind1="1" ind2=" ">
    <subfield code="4">Autor</subfield>
    <subfield code="a">Escolano, Dominico Nicolao</subfield>
    <subfield code="9">28941</subfield>
  </datafield>
  <datafield tag="240" ind1="1" ind2=" ">
    <subfield code="a">Nonnullae in varia juris canonici capita salmaticenses elucubrationes</subfield>
    <subfield code="h">In celeberrima Salmsnticenfi Academia ejufdem Juris publico Professore y pro obtinendis in cadem Universitate Cathedris antiquiori Decertatote</subfield>
    <subfield code="l">Lat&#xED;n</subfield>
  </datafield>
  <datafield tag="245" ind1="0" ind2=" ">
    <subfield code="a">Nonnullae in varia juris canonici capita salmaticenses elucubrationes</subfield>
    <subfield code="b">In celeberrima Salmsnticenfi Academia ejufdem Juris publico Professore y pro obtinendis in cadem Universitate Cathedris antiquiori Decertatote</subfield>
  </datafield>
  <datafield tag="260" ind1=" " ind2=" ">
    <subfield code="b">Ex Typographia Congregationis Bone Mortis</subfield>
    <subfield code="c">1748</subfield>
  </datafield>
  <datafield tag="300" ind1=" " ind2=" ">
    <subfield code="a">457 p</subfield>
    <subfield code="c">20 cm</subfield>
  </datafield>
  <datafield tag="505" ind1="0" ind2=" ">
    <subfield code="a">Texto en: lat&#xED;nDirigido a: pol&#xED;ticos, abogados, estudiantes de derecho.Incluye &#xED;ndice tem&#xE1;tico</subfield>
  </datafield>
  <datafield tag="650" ind1="1" ind2=" ">
    <subfield code="2">Religi&#xF3;n cirstiana</subfield>
    <subfield code="a">Catolicismo </subfield>
    <subfield code="v">Iglesia</subfield>
    <subfield code="9">28942</subfield>
  </datafield>
  <datafield tag="651" ind1="2" ind2=" ">
    <subfield code="2">Organizaci&#xF3;n de la iglesia</subfield>
    <subfield code="a">Cardinales</subfield>
    <subfield code="v">Derecho can&#xF3;nico</subfield>
    <subfield code="9">28943</subfield>
  </datafield>
  <datafield tag="942" ind1=" " ind2=" ">
    <subfield code="2">lcc</subfield>
    <subfield code="c">B</subfield>
  </datafield>
  <datafield tag="999" ind1=" " ind2=" ">
    <subfield code="c">10909</subfield>
    <subfield code="d">10909</subfield>
  </datafield>
  <datafield tag="952" ind1=" " ind2=" ">
    <subfield code="0">0</subfield>
    <subfield code="1">0</subfield>
    <subfield code="2">lcc</subfield>
    <subfield code="4">0</subfield>
    <subfield code="7">0</subfield>
    <subfield code="8">CFM</subfield>
    <subfield code="a">BRCA</subfield>
    <subfield code="b">BRCA</subfield>
    <subfield code="d">2023-07-24</subfield>
    <subfield code="e">Donaci&#xF3;n</subfield>
    <subfield code="l">0</subfield>
    <subfield code="o">LE43 E83 1748</subfield>
    <subfield code="p">CFM00525</subfield>
    <subfield code="r">2023-07-24 00:00:00</subfield>
    <subfield code="w">2023-07-24</subfield>
    <subfield code="y">B</subfield>
  </datafield>
</record>
